01589nam a2200445 i 450000100060000000300090000600500170001500800390003201500170007104000410008804100130012904600090014208000080015108000080015910000470016724500800021424600630029426000550035730000330041233600270044533700540047233800280052638000160055438800140057038800140058450000720059850400340067052100380070465000150074265000170075765500300077465800280080470000450083271000410087785600980091894200120101699900170102895200480104595200500109311656KOSZ 00520221024095213.0071109s1967 pl a f 001 0 pol aPB 1967/3245 aWA NcWA NdKOSZ 005/RWdKOSZ 005/HR1 apolheng k1965 a621 a6691 aLancaster, John Frederickd(1918- )eAutor10aMetalurgia procesów spawalniczych /cJ. F. Lancaster ; tł. Edward Juffy.1 iTyt. oryg.:aMetallurgy of welding, brazing and soldering  aWarszawa :bWydawnictwa Naukowo-Techniczne,c1967. a282, [1] s. :bil. ;c25 cm. 2rdacontentaTekstbtxt 2rdamediaaBez urządzenia pośredniczącegobn 2rdacarrieraWoluminbnc aKsiążki a1901-2000 a1945-1989 aTyt. oryg.: The metallurgy of welding, brazing and soldering, 1965. aBibliogr. przy rozdz. Indeks.8 aDla studentów i inżynierów. 4aMetalurgia 4aSpawalnictwo 4aPodręczniki akademickie aInżynieria i technika1 aJuffy, Edwardd(1912-1990)eTłumaczenie2 aWydawnictwa Naukowo-Techniczne4pbl. uhttp://koha.tu.koszalin.pl/cgi-bin/koha/opac-detail.pl?biblionumber=11656yKatalog online BPK 2UKDcKS c11656d11656 00104070aBPKbBPKcwo3934p01258578yKS 00104070aBPKbBPKcwo3934/Lp01390483yKS